Looney Tunes super stars [ Tweety & Sylvester

Bibliographic Details
Format: Book
Published: s.l. : Warner Bros Entertainment Inc. , 20-
Subjects:

MARC

LEADER 00000cam a2200000 7i4500
001 0000197411
005 20150727.0
090 0 0 |a JF   |b LOO 
245 0 0 |a Looney Tunes super stars [  |h digital video disc] :   |b Tweety & Sylvester 
260 |a s.l. :   |b Warner Bros Entertainment Inc. ,   |c 20- 
300 |a 1 digital video disc (107 minutes) :   |b col 
500 |a Library has 2 copies 
521 0 |a General viewing for all ages (U) 
650 0 0 |a Cartoon 
650 0 0 |a Cartoon, English 
999 |a AV 36748   |b DIGITAL VIDEO DISC   |c PINJAMAN   |e PERPUSTAKAAN KOMUNITI PETALING JAYA 
999 |a AV 36749   |b DIGITAL VIDEO DISC   |c PINJAMAN   |e PERPUSTAKAAN KOMUNITI PETALING JAYA